[Event "Charleroi op"]
[Site "Charleroi"]
[Date "2013.07.27"]
[Round "1"]
[White "Werner, Guy"]
[Black "Ringoir, Tanguy"]
[Result "0-1"]
[WhiteElo "1764"]
[BlackElo "2471"]
[PlyCount "62"]
[EventDate "2013.07.27"]
[EventType "swiss"]
[EventRounds "9"]
[EventCountry "BEL"]
[SourceTitle "CBM 155 Extra"]
[Source "ChessBase"]
[SourceDate "2013.08.26"]
[SourceVersion "1"]
[SourceVersionDate "2013.08.26"]
[SourceQuality "1"]

1. e4 e5 2. d4 exd4 3. Qxd4 Nc6 4. Qe3 Nf6 5. Bd2 Bb4 6. c3 Ba5 7. Na3 Bb6 8. Qf4 0-0 9. f3 d5 10. 0-0-0 Re8 11. exd5 Nxd5 12. Qg5 Ne3 13. Qxd8 Rxd8 14. Re1 Nxf1 15. Rxf1 Ne5 16. Nh3 Nd3+ 17. Kb1 Bxh3 18. gxh3 Nf2 19. Rxf2 Bxf2 20. Kc2 Rd5 21. Rf1 Bh4 22. c4 Re5 23. Bf4 Re2+ 24. Kb3 c6 25. Nc2 Rd8 26. Nb4 a5 27. Bc7 axb4 28. Bxd8 Bxd8 29. Rd1 Bf6 30. Kxb4 Rxb2+ 31. Kc5 Be7+ 0-1

[Event "Charleroi op 5th"]
[Site "Charleroi"]
[Date "2006.08.03"]
[Round "7"]
[White "Werner, Guy"]
[Black "Ackaert, Thierry"]
[Result "1/2-1/2"]
[WhiteElo "1793"]
[BlackElo "2134"]
[PlyCount "90"]
[EventDate "2006.07.29"]
[EventType "swiss"]
[EventRounds "9"]
[EventCountry "BEL"]
[SourceTitle "CBM 113 Extra"]
[Source "ChessBase"]
[SourceDate "2006.09.14"]
[SourceVersion "1"]
[SourceVersionDate "2006.09.14"]
[SourceQuality "1"]

1. e4 e6 2. d4 a6 3. Bd3 b5 4. c3 c5 5. a4 cxd4 6. cxd4 b4 7. Be3 Bb7 8. Nd2 Nf6 9. f4 Be7 10. Qf3 d6 11. Ne2 Nbd7 12. 0-0 h5 13. h3 h4 14. Rac1 Qa5 15. b3 Qh5 16. Qxh5 Rxh5 17. Rc7 Rb8 18. Rfc1 Kd8 19. R7c2 Nh7 20. Nc4 Rc8 21. e5 dxe5 22. Na5 Rxc2 23. Rxc2 Bd5 24. Bxa6 Bd6 25. Rc8+ Ke7 26. dxe5 Nxe5 27. fxe5 Bxe5 28. Bc5+ Kf6 29. Bb7 Bg3 30. Nxg3 hxg3 31. Bd4+ Kg6 32. Rc1 Nf8 33. Bxd5 Rxd5 34. Bc5 Nd7 35. Bxb4 Ne5 36. Nc4 Nd3 37. Rc3 Nxb4 38. Rxg3+ Kf6 39. Rf3+ Ke7 40. Nb6 Rd1+ 41. Rf1 Rd2 42. a5 Ra2 43. Nc4 Nc6 44. Rf2 Ra1+ 45. Rf1 Ra2 1/2-1/2

[Event "Charleroi op 5th"]
[Site "Charleroi"]
[Date "2006.08.02"]
[Round "6"]
[White "Fosset, Francois"]
[Black "Werner, Guy"]
[Result "1/2-1/2"]
[WhiteElo "2025"]
[BlackElo "1793"]
[PlyCount "80"]
[EventDate "2006.07.29"]
[EventType "swiss"]
[EventRounds "9"]
[EventCountry "BEL"]
[SourceTitle "CBM 113 Extra"]
[Source "ChessBase"]
[SourceDate "2006.09.14"]
[SourceVersion "1"]
[SourceVersionDate "2006.09.14"]
[SourceQuality "1"]

1. e4 d5 2. exd5 Qxd5 3. Nc3 Qd6 4. Nf3 Nf6 5. h3 a6 6. d4 Nc6 7. Be3 Bf5 8. Bd3 Bxd3 9. Qxd3 Nb4 10. Qd2 Nbd5 11. Nxd5 Nxd5 12. 0-0 f6 13. c4 Nxe3 14. Qxe3 0-0-0 15. Rfe1 g5 16. Qe6+ Qxe6 17. Rxe6 Rd6 18. Rae1 Rxe6 19. Rxe6 Kd7 20. d5 h5 21. g4 hxg4 22. hxg4 c6 23. Nd4 cxd5 24. cxd5 Rh3 25. f3 f5 26. gxf5 Bg7 27. Kg2 Rh4 28. Nb3 Rc4 29. Na5 Rc2+ 30. Kg3 Rxb2 31. Nc4 Rxa2 32. Nb6+ Kd8 33. d6 exd6 34. f6 Bf8 35. f7 Kc7 36. Nd5+ Kd7 37. Re8 Bg7 38. f8Q Bxf8 39. Rxf8 Rd2 40. Nb6+ Kc6 1/2-1/2

[Event "Charleroi op 5th"]
[Site "Charleroi"]
[Date "2006.07.31"]
[Round "3"]
[White "Werner, Guy"]
[Black "Foisor, Mihaela Veronica"]
[Result "0-1"]
[WhiteElo "1793"]
[BlackElo "2005"]
[PlyCount "110"]
[EventDate "2006.07.29"]
[EventType "swiss"]
[EventRounds "9"]
[EventCountry "BEL"]
[SourceTitle "CBM 113 Extra"]
[Source "ChessBase"]
[SourceDate "2006.09.14"]
[SourceVersion "1"]
[SourceVersionDate "2006.09.14"]
[SourceQuality "1"]

1. f4 d5 2. Nf3 c5 3. g3 Nc6 4. Bg2 e6 5. 0-0 Bd6 6. d3 Nge7 7. Nc3 0-0 8. Kh1 a6 9. a4 Rb8 10. e4 d4 11. Ne2 f5 12. e5 Bc7 13. c3 b5 14. axb5 axb5 15. cxd4 cxd4 16. Bd2 Bb6 17. Qb3 Qd5 18. Nfxd4 Nxd4 19. Qb4 Qd7 20. Nxd4 Bxd4 21. Qd6 Qxd6 22. exd6 Nd5 23. Bxd5 exd5 24. Bb4 Bd7 25. Rfe1 Rfe8 26. Re7 Rxe7 27. dxe7 Kf7 28. Bd6 Rb6 29. Bc7 Re6 30. Bd8 Bc5 31. Ra8 Bxe7 32. Bc7 Bc6 33. Ra1 Re2 34. Be5 Bc5 35. d4 Bb6 36. b4 Bd8 37. Rc1 Bd7 38. Rc5 Ke6 39. Bxg7 Re1+ 40. Kg2 Re2+ 41. Kh3 Rb2 42. Bf8 Bb6 43. Rc1 Bxd4 44. Ra1 Kf7 45. Bd6 Be6 46. Rc1 Bb6 47. Ra1 d4 48. Ra6 d3 49. Rxb6 d2 50. Rb7+ Ke8 51. Be5 d1Q 52. Rb8+ Ke7 53. Rb7+ Bd7 54. Bxb2 Qh5+ 55. Kg2 Qe2+ 0-1